书目信息 |
| 题名: |
汉语意大利语分类词典
|
|
| 作者: | 裘丽宁 编著 | |
| 分册: | ||
| 出版信息: | 北京 商务印书馆 2013.05 |
|
| 页数: | 876页 | |
| 开本: | 22cm | |
| 丛书名: | ||
| 单 册: | ||
| 中图分类: | H772.6 | |
| 科图分类: | ||
| 主题词: | 意大利语--汉语--词典 , 意大利语 , 汉语 | |
| 电子资源: | ||
| ISBN: | 978-7-100-09738-3 | |
| 000 | 01101nam0 2200289 450 | |
| 001 | 012013091178 | |
| 005 | 20140609102654.48 | |
| 010 | @a978-7-100-09738-3@b精装@dCNY140.00 | |
| 100 | @a20130821d2013 em y0chiy0110 ea | |
| 101 | 0 | @achi@aita |
| 102 | @aCN@b110000 | |
| 105 | @ay e 001yy | |
| 106 | @ar | |
| 200 | 1 | @a汉语意大利语分类词典@9han yu yi da li yu fen lei ci dian@dGlossario Chinese-Italiano@f裘丽宁[等]编著@zeng |
| 210 | @a北京@c商务印书馆@d2013.05 | |
| 215 | @a876页@d22cm | |
| 300 | @a中国国际广播电台人才工程资助项目 | |
| 330 | @a本词典收词约31000条,汉语条目按照所属范畴分类编排,涉及日常生活、社会活动、公共事务、经济活动、社会及自然科学五大门类。汉语词条全部加注汉语拼音,方便外国读者查阅和与国人的直接交流。词典后附有全部汉语词条按音序排列的页码索引,兼备汉外双语辞书的功能。 | |
| 333 | @a意大利语学习者 | |
| 510 | 1 | @aGlossario Chinese-Italiano@zita |
| 606 | 0 | @a意大利语@x汉语@j词典 |
| 606 | 0 | @a意大利语 |
| 606 | 0 | @a汉语 |
| 690 | @aH772.6@v5 | |
| 701 | 0 | @a裘丽宁@9qiu li ning@4编著 |
| 801 | 0 | @aCN@b人天书店@c20130821 |
| 905 | @b547875-76@dH772.6@e8@f2 | |
| 汉语意大利语分类词典=Glossario Chinese-Italiano/裘丽宁[等]编著.-北京:商务印书馆,2013.05 |
| 876页;22cm |
| 中国国际广播电台人才工程资助项目.-使用对象:意大利语学习者 |
| ISBN 978-7-100-09738-3(精装):CNY140.00 |
| 本词典收词约31000条,汉语条目按照所属范畴分类编排,涉及日常生活、社会活动、公共事务、经济活动、社会及自然科学五大门类。汉语词条全部加注汉语拼音,方便外国读者查阅和与国人的直接交流。词典后附有全部汉语词条按音序排列的页码索引,兼备汉外双语辞书的功能。 |
| ● |
| 相关链接 |
|
|
|
|
正题名:汉语意大利语分类词典
索取号:H772.6/8
 
预约/预借
| 序号 | 登录号 | 条形码 | 馆藏地/架位号 | 状态 | 备注 |
| 1 | 547875 | 205478758 | 第二样本阅览室/ [索取号:H772.6/8] | 在馆 | |
| 2 | 547876 | 205478767 | 第四借阅区/ [索取号:H772.6/8] | 在馆 |